| 000 -LEADER |
| fixed length control field |
00700nam a22001937a 4500 |
| 003 - CONTROL NUMBER IDENTIFIER |
| control field |
OSt |
| 008 - FIXED-LENGTH DATA ELEMENTS--GENERAL INFORMATION |
| fixed length control field |
140115b xxu||||| |||| 00| 0 eng d |
| 041 ## - LANGUAGE CODE |
| Language code of text/sound track or separate title |
eng |
| 100 1# - MAIN ENTRY--PERSONAL NAME |
| Personal name |
Scott Stamp and Coin Co., Ltd |
| 245 10 - TITLE STATEMENT |
| Title |
Scott's Standard Postage Stamp Catalogue 1914 |
| 246 10 - VARYING FORM OF TITLE |
| Title proper/short title |
giving a full description, supplemented with sketches of the designs of every postage stamp ever issued by any government in the world, together with the present value, both used and unused, of every stamp |
| 260 ## - PUBLICATION, DISTRIBUTION, ETC. (IMPRINT) |
| Place of publication, distribution, etc. |
New York |
| Name of publisher, distributor, etc. |
Scott Stamp and Coin Co., Ltd |
| 300 ## - PHYSICAL DESCRIPTION |
| Extent |
935 pages |
| 650 #0 - SUBJECT ADDED ENTRY--TOPICAL TERM |
| Topical term or geographic name as entry element |
Catalogs and Price Lists |
| 650 #0 - SUBJECT ADDED ENTRY--TOPICAL TERM |
| Topical term or geographic name as entry element |
World |
| 650 #0 - SUBJECT ADDED ENTRY--TOPICAL TERM |
| Topical term or geographic name as entry element |
United States |
| 650 #0 - SUBJECT ADDED ENTRY--TOPICAL TERM |
| Topical term or geographic name as entry element |
Dealer Publications |
| 942 ## - ADDED ENTRY ELEMENTS (KOHA) |
| Edition |
|